Devine le personnage historique en 3 mots #1 - Statistiques

Statistiques générales
  • Ce quiz a été pris 145 fois
    129 depuis la dernière actualisation
  • Le résultat moyen est 7 sur 10
Statistiques - réponses
3 mots Série % Correct
Empire, Rome, Conquête Jules César
89%
Égypte, Beauté, Pouvoir Cléopâtre
88%
Science, Radium, Nobel Marie Curie
85%
Bataille, Empereur, France Napoléon Bonaparte
79%
Relativité, Physique, Génie Albert Einstein
72%
Peinture, Inventions, Renaissance Leonard de Vinci
71%
Courage, Droits, Bus Rosa Parks
69%
Discours, Droits, Paix Martin Luther King
65%
Non-violence, Inde, Liberté Mahatma Gandhi
46%
Guerre, Sainteté, Courage Jeanne d'Arc
32%
Aucun quiz correspondant
Distribution des résultats
% des personnes avec chaque résultat
Percentile par nombre de réponses
Votre historique - résultats
Vous n’avez pas pris ce quiz depuis la dernière actualisation